000 00315nam a22001217a 4500
008 260601b |||||||| |||| 00| 0 eng d
082 _a001843
100 _aNagasampige, A V
245 _aLaghuramayanam of Sri Krishna
260 _aBangalore
_bPoornaprajna Samshodhana Mandiram
_c2003
300 _a40p
942 _2ddc
999 _c1511
_d1511